[Event "Budapest Vezerkepzo GM 07"]
[Site "Budapest"]
[Date "2023.07.29"]
[Round "8"]
[White "Alexakis, Dimitris"]
[Black "Levine, Joseph"]
[Result "1-0"]
[WhiteElo "2449"]
[BlackElo "2356"]
[PlyCount "109"]
[EventDate "2023.07.24"]
[EventType "swiss"]
[EventRounds "9"]
[EventCountry "HUN"]
[SourceTitle "EXT 2024"]
[Source "ChessBase"]
[SourceDate "2023.10.10"]
[SourceVersion "1"]
[SourceVersionDate "2023.10.10"]
[SourceQuality "1"]

1. e4 e6 2. d4 d5 3. Nd2 c5 4. exd5 Qxd5 5. dxc5 Bxc5 6. Ngf3 Nf6 7. Bc4 Qc6 8. Qe2 0-0 9. Nb3 Nbd7 10. Nxc5 Nxc5 11. 0-0 b6 12. Ne5 Qe4 13. Qxe4 Nfxe4 14. a4 f6 15. Nc6 Nd6 16. Ba2 Re8 17. a5 Nf5 18. Rd1 Bb7 19. Nd4 Rad8 20. Be3 Nxe3 21. fxe3 bxa5 22. Bc4 a4 23. b4 axb3 24. cxb3 Bd5 25. Bb5 Rf8 26. b4 Ne4 27. Rxa7 e5 28. Ne2 Bc6 29. Bc4+ Kh8 30. Rc1 Rd2 31. b5 Rfd8 32. Nc3 Nd6 33. bxc6 Nxc4 34. c7 Nxe3 35. cxd8Q+ Rxd8 36. Nd5 Nf5 37. Nb6 h5 38. Rc8 Rxc8 39. Nxc8 Kh7 40. Ne7 Nd4 41. Kf2 Kh6 42. Ng8+ Kg6 43. Ke3 h4 44. Ke4 f5+ 45. Kd5 f4 46. Ne7+ Kg5 47. Kxe5 f3 48. Kxd4 fxg2 49. Ra1 Kg4 50. Ke3 Kh3 51. Kf2 Kxh2 52. Rg1 h3 53. Nf5 g5 54. Nh6 g4 55. Nxg4# 1-0

[Event "Budapest Vezerkepzo GM 07"]
[Site "Budapest"]
[Date "2023.07.25"]
[Round "2"]
[White "Ngo, Bach"]
[Black "Levine, Joseph"]
[Result "1-0"]
[WhiteElo "2345"]
[BlackElo "2356"]
[PlyCount "135"]
[EventDate "2023.07.24"]
[EventType "swiss"]
[EventRounds "9"]
[EventCountry "HUN"]
[SourceTitle "EXT 2024"]
[Source "ChessBase"]
[SourceDate "2023.10.10"]
[SourceVersion "1"]
[SourceVersionDate "2023.10.10"]
[SourceQuality "1"]

1. c4 e6 2. Nc3 Bb4 3. Qb3 Ba5 4. d4 f5 5. Nf3 Nf6 6. h3 b6 7. g4 Bb7 8. gxf5 exf5 9. d5 Ne4 10. Be3 Bxc3+ 11. bxc3 c5 12. Rg1 Qf6 13. Nd2 Nxd2 14. Bxd2 d6 15. Rg3 0-0 16. Bg5 Qf7 17. Bh6 Nd7 18. Rxg7+ Qxg7 19. Bxg7 Kxg7 20. Qa4 Rf7 21. e3 f4 22. Be2 fxe3 23. fxe3 Ne5 24. 0-0-0 Rf2 25. Rg1+ Kh8 26. Qd1 Ba6 27. Qe1 Raf8 28. Rf1 Rxf1 29. Bxf1 Bc8 30. Kc2 Bf5+ 31. Kb3 Rf6 32. Be2 Kg7 33. Qh4 h6 34. a4 Bd7 35. Bh5 a5 36. Qg3+ Kf8 37. Bg4 Be8 38. e4 Bg6 39. Be6 Bf7 40. Bxf7 Kxf7 41. h4 Rf3 42. Qg2 Kf8 43. h5 Kf7 44. Qh2 Kf8 45. Qh4 Ke8 46. Qh1 Kf7 47. Qc1 Kg7 48. Qd2 Rg3 49. Qh2 Rg4 50. Qh3 Kf6 51. Qf1+ Kg5 52. Qf5+ Kh4 53. Qf6+ Kxh5 54. Qxd6 Rxe4 55. Qe6 Kg5 56. d6 Kf4 57. Qxh6+ Kg3 58. d7 Nxd7 59. Qg6+ Kf3 60. Qf5+ Rf4 61. Qxd7 Rf6 62. Qe7 Rf5 63. Qb7+ Ke3 64. Qxb6 Kd2 65. Qxa5 Kc1 66. Qd8 Rf3 67. Qg5+ Kd1 68. Qh5 1-0